000 01017nam a22002417a 4500
001 81771
003 BD-RjUL
005 20231206125057.0
008 230824s2021 bg a|||| m||| 00| 0 eng d
035 _a(BD-RjUL)81771
040 _aBD-RjUL
_beng
_cBD-RjUL
_dBD-RjUL
041 _aeng
082 _223
_a631.8
_bAHA 2021
100 _aAhmed. Faruque
_98565
245 1 0 _aAdvanced fertilizer management enhances productivity and suppresses foliar disease of mulberry plant /
_cSubmitted By Faruque Ahmed ;
_6Supervisor : Md. Toufiq Iqbal
260 _aRajshahi :
_bDepartment of Agronomy and Agricultural Extension Faculty of Agriculture, University of Rajshahi,
_c2021
300 _axxxiv, 282 leaves :
_bill, ;
_c29.cm.
502 _aThesis (Ph. D.) -- Department of Agronomy and Agricultural Extension Faculty of Agriculture, University of Rajshahi, 2021
504 _aReferences : Leaves 251 - 276
650 _aFertilizers
_vMaterials
_98566
700 _aIqbal, Md. Toufiq, Supervisor
_96809
942 _2ddc
_cREF
999 _c81771
_d81771